| 000 | 00805cam a22002773a 4500 | ||
|---|---|---|---|
| 001 | 22787 | ||
| 003 | PGUSA | ||
| 005 | 20140828083503.0 | ||
| 008 | 070901s2007||||xxu|||||s|||||000 1 eng d | ||
| 040 |
_aPGUSA _beng |
||
| 042 | _adc | ||
| 050 | 4 | _aPS | |
| 050 | 4 | _aPZ | |
| 100 | 1 |
_aAlcott, Louisa May, _d1832-1888 |
|
| 245 | 1 | 0 |
_aLittle Men _h[electronic resource] / _cLouisa May Alcott |
| 260 |
_bProject Gutenberg, _c2007 |
||
| 506 | _aPublic domain in the USA. | ||
| 516 | _aElectronic text | ||
| 653 | _aBoarding schools -- Fiction | ||
| 653 | _aSchools -- Fiction | ||
| 653 | _aFamily life -- New England -- Fiction | ||
| 653 | _aNew England -- History -- 19th century -- Fiction | ||
| 830 | 0 |
_aProject Gutenberg _v22787 |
|
| 856 | 4 | 0 | _uhttp://www.gutenberg.org/ebooks/22787 |
| 942 | _cEB | ||
| 999 |
_c252042 _d252042 |
||